00965nam a2200241Ia 4500003000400000005001700004008004100021020001800062040001800080041000800098082002100106100002900127245013400156250001200290260004400302300003000346650004900376650005500425650003100480942003000511999001900541952016300560OSt20240726141338.0210716s2012 xx 000 0 und d a9788184975390 cAIMIT LIBRARY aeng a374.22 21bSEGL aSegil, Larraine.9174171 aMeasuring the value of partnering : bhow to use metrics to plan develop and implement successful alliances /cBy Larraine Segil. a1st ed. aNew Delhi ;bBPI India Pvt Ltd ,c2012. axvii,279p. ;bHBc24.5 cm aImplementation metrics: the partners9174172 aWomen and big brother : strange companions9174173 aHotels and hyundai9174174 2ddccBKe1stk374.22 SEGL c207541d207541 00102ddc40708MBAaAIMITbAIMITd2012-10-11g695.00iBill no:771; Bill dt:2012-10-04l0o374.22 SEGLpMBA10107r2026-05-23 00:00:00v521.25w2021-07-16yBK